01011nam a2200217 a 450000100100000000500170001000800410002702000150006804000250008310000320010824500510014026000680019130000200025949000560027971000560033583000670039195201060045895201060056495201060067099900170077600004040820201002034120.0130823s2006 mx 000 0 spa d a9703228283 aDO-SdBNPbspacBNPHU1 aCamargo, Pedro Pablo96671110aEl estado imperialista /cPedro Pablo Camargo. aMéxico :bUniversidad Nacional Autónoma de México,c2006. a21 p. ;c21 cm.1 aLecturas jurídicasael derecho y sus maestrosv302 aUniversidad Nacional Autónoma de México,942447 0aLecturas jurídicaspLa dirección y sus maestrosv33966712 0010507-18MOaGRbGRcOId2013-08-23iLF1l0o p40408-10r2020-06-25w2020-06-25y1ZNo se presta 0010507-18MOaGRbGRcOId2013-08-23iLF1l0o p40408-20r2020-06-25w2020-06-25y1ZNo se presta 0010507-18MOaGRbGRcOId2013-08-23iLF1l0o p40408-30r2020-06-25w2020-06-25y1ZNo se presta c39898d39898